The Price Waterhouse guide to financial management : tools for improving performance /

Bibliographic Details
Main Author: Loretta, Ralph G.
Format: Book
Language:English
Published: New York : John Wiley, [1990]
Series:Wiley/Institute of Management Accountants professional book series.
Subjects:

MARC

Tag First Indicator Second Indicator Subfields
LEADER 00000cam a2200000 a 4500
001 in00000915512
005 20150924124215.0
008 900119s1990 nyu 00010 eng
010 |a  90106403  
020 |a 0471620440 
035 |a (OCoLC)21038536 
035 |9 AEP0890AM 
040 |a DLC  |c DLC  |d JNA  |d TXA  |d UtOrBLW 
049 |a TXAM  |c [A13137253] 
050 4 |a HG4011  |b .L674 1990 
100 1 |a Loretta, Ralph G. 
245 1 4 |a The Price Waterhouse guide to financial management :  |b tools for improving performance /  |c Ralph G. Loretta. 
264 1 |a New York :  |b John Wiley,  |c [1990] 
264 4 |c ©1990 
300 |a xv, 197 pages ;  |c 24 cm. 
336 |a text  |b txt  |2 rdacontent 
337 |a unmediated  |b n  |2 rdamedia 
338 |a volume  |b nc  |2 rdacarrier 
490 1 |a The Wiley/National Association of Accountants professional book series 
650 0 |a Corporations  |x Finance. 
650 0 |a Auditing, Internal. 
650 0 |a Industrial efficiency. 
830 0 |a Wiley/Institute of Management Accountants professional book series. 
999 |a MARS 
999 f f |s 78324ffd-ad7f-35ce-9226-6b6003e1f38f  |i 4175c226-c77d-36bc-a2f6-d4ed964739ed  |t 0 
952 f f |p ric  |a Texas A&M University  |b Rellis Campus  |c Joint Library Facility  |d Remote Storage  |t 0  |e HG4011 .L674 1990  |h Library of Congress classification  |i unmediated -- volume  |m A14813137253 
998 f f |a HG4011 .L674 1990  |t 0  |l Remote Storage